Statistics for Guess the State by the Capital

Click here to take the quiz!

General Stats

  • This quiz has been taken 23 times
  • The average score is 14 of 15

Answer Stats

CapitalState% Correct
PhoenixArizona
100%
SacramentoCalifornia
100%
AtlantaGeorgia
100%
AlbanyNew York
100%
RichmondVirginia
95%
Little RockArkansas
91%
RaleighNorth Carolina
91%
OlympiaWashington
91%
TallahasseeFlorida
86%
AnnapolisMaryland
86%
TrentonNew Jersey
86%
Santa FeNew Mexico
86%
TopekaKansas
82%
MontpelierVermont
82%
St. PaulMinnesota
77%

Score Distribution

Percentile by Number Answered

Percent of People with Each Score

Your Score History

You have not taken this quiz